Akciové trhy v krajinách V4 bakalárska práca

Salvato in:
Dettagli Bibliografici
Autore principale: Juhásová, Zuzana
Ente Autore: Podnikovohospodárska fakulta EU so sídlom v Košiciach. Katedra ekonómie
Altri autori: Baumöhl, Eduard, 1982-
Natura: Libro
Lingua:slovacco
Pubblicazione: Košice 2014
Tags: Aggiungi Tag
Nessun Tag, puoi essere il primo ad aggiungerne!!

MARC

LEADER 00000nbm a2200000 4500
001 0189129
005 20240827091934.5
041 0 |a slo 
044 |a SK 
245 1 0 |a Akciové trhy v krajinách V4  |b bakalárska práca  |c Zuzana Juhásová ; školiteľ: Eduard Baumöhl 
264 1 |a Košice  |c 2014 
300 |a 46 s. 
100 1 |a Juhásová, Zuzana 
700 1 |a Baumöhl, Eduard, 1982- 
710 2 |a Podnikovohospodárska fakulta EU so sídlom v Košiciach. Katedra ekonómie